000 00782nam a22002657a 4500
001 BR9213908
003 BR-BrBNA
005 20230928093751.0
007 ta
008 230509b bl.||||| |||| 00| 0 por d
040 _aBR-BrBNA
_bpor
_cBiblioteca Nacional de Agricultura
041 _a(Por)
072 _aF50
090 _ F50 BR9213908
100 1 _aShimoya, C.
110 1 _aUniversidade Rural do Estado de Minas Gerais, Vicosa (Brasil). Escola Superior de Agricultura
_911286
245 1 _aBotanica geral; organografia, morfologia e histologia. Volume 1
260 3 _aVicosa, MG (Brasil):
_c1963.
300 _a156 p.
650 _aBotanica
650 _aMorfologia Vegetal
650 _aHistologia Vegetal
909 _a202309
_bLucia
_c55
_dLucia Elande
942 _cBK
999 _c46987
_d46987